[Event "Charlotte Holiday GM 2020"]
[Site "Charlotte"]
[Date "2020.12.27"]
[Round "2.4"]
[White "Mishra, Abhimanyu"]
[Black "Daggupati, Balaji"]
[Result "0-1"]
[WhiteElo "2338"]
[BlackElo "2399"]
[Annotator "TA"]
[PlyCount "190"]
[EventDate "2020.12.26"]
[EventType "tourn"]
[EventCountry "USA"]
[SourceTitle "playchess.com"]
[Source "ChessBase"]
[SourceQuality "1"]

{[%evp 9,190,20,28,25,23,22,19,18,29,13,24,0,17,0,0,0,2,0,20,-8,-10,-35,0,-19,-16,-19,-20,-32,13,13,14,11,11,18,57,0,0,0,0,0,0,0,0,0,14,10,8,0,0,0,0,0,0,0,0,-87,-88,-96,-94,-97,-96,-178,-178,-235,-251,-264,-248,-292,-318,-430,-397,-360,-348,-362,-354,-396,-292,-404,-397,-452,-404,-397,-397,-396,-396,-396,-392,-374,-365,-396,-397,-526,-530,-554,-412,-397,-397,-397,-397,-418,-396,-506,-458,-453,-449,-431,-390,-381,-373,-587,-580,-591,-558,-594,-594,-583,-561,-588,-588,-553,-511,-506,-486,-558,-541,-536,-546,-583,-573,-548,-541,-530,-521,-877,-846,-785,-649,-931,-926,-893,-891,-846,-831,-1322,-1212,-1308,-1122,-1045,-1020,-965,-960,-6589,-5591,-5591,-990,-29944,-11821,-29976,-29977,-29977,-29978,-29978,-29979,-29982,-29983,-29983,-29983,-29983,-29984,-29984,-29985,-29985,-29986,-29986,-29987,-29988,-29986,-29986,-29987,-29987,-29987,-29988,-29988]} 1. c4 e5 2. g3 Nc6 3. Bg2 Nf6 4. Nc3 Bc5 5. e3 a6 6. Nge2 {A25: English Opening vs King's Indian with ...Nc6 but without early d3.} O-O 7. O-O d6 8. d4 {The position is equal. 8.a3 is the hot move.} Ba7 9. h3 h6 10. a3 exd4 11. exd4 Ne7 12. b4 c6 {[#]} 13. c5 $146 ({Predecessor:} 13. a4 Be6 14. d5 cxd5 15. cxd5 Bf5 16. g4 Bh7 17. Kh2 Ng6 18. f4 Rc8 19. Qe1 {0-1 (36) Karttunen,M (2437)-Filippov,A (2615) Tromsoe 2014}) 13... Be6 14. Bf4 Bb8 15. Qd2 Ned5 16. Kh2 a5 17. Nxd5 Nxd5 18. Rfb1 Bc7 19. cxd6 Bxd6 20. Bxd6 Qxd6 21. bxa5 Qc7 22. Nf4 ({Better is} 22. Bxd5 $14 Bxd5 23. Rb6) 22... Nxf4 $11 23. Qxf4 Qxf4 24. gxf4 Rfd8 25. Rxb7 Rxd4 26. Rb4 Rd2 27. Bxc6 Rxa5 28. Be4 {Threatening mate with Rb8+.} (28. Kg2 {seems wilder.} Rc5 29. Be4 f5 30. Bf3 Rcc2 31. Re1) 28... f5 (28... Rxf2+ $2 29. Kg3 $18) 29. Bf3 Rxf2+ 30. Kg3 Rd2 31. a4 Rc5 32. Re1 {[#]} (32. Rb6 $11 {keeps the balance.} Bd7 33. a5) 32... Rc3 $1 $17 {White must now prevent ...Bd5. White is on the road to losing.} 33. Rxe6 {[#] aiming for Re1.} Rdd3 $1 34. Kg2 {Strongly threatening Bh5.} Rxf3 {[%mdl 4096] Endgame KRR-KRR} 35. Rb5 {[#]} (35. Re2 $17 {might work better.}) 35... Rg3+ $1 $19 ({But not} 35... Rxh3 36. a5 $15) ({Resist} 35... Rxf4 36. a5 $17) 36. Kf2 (36. Kh1 $142) 36... Rcf3+ ({Much less strong is} 36... Rxh3 37. Kg2 $17) 37. Ke2 Rxf4 38. a5 Rxh3 39. a6 Ra3 40. Rd6 Rfa4 41. Rxf5 Rxa6 42. Rd7 Rg6 43. Rff7 Raa6 44. Rb7 Rae6+ 45. Kd3 Ref6 46. Rfe7 Rg1 47. Kd2 Kh7 48. Re5 Rf2+ 49. Kd3 Rg3+ 50. Kd4 Rf4+ 51. Kd5 Kg6 52. Re6+ Rf6 53. Ree7 Kh7 54. Ra7 h5 55. Ra8 Rd3+ 56. Kc4 Rd1 57. Raa7 Rc6+ 58. Kb5 Rg6 59. Kc5 (59. Re5 $142 Rh1 60. Rd7) 59... Rg2 60. Kc4 Rd8 61. Kc3 Kh6 62. Re4 Rg6 63. Rc7 Rgd6 64. Ree7 Rd3+ 65. Kb4 R8d4+ 66. Kb5 Rg4 67. Rc6+ g6 68. Rc2 Rd8 69. Rcc7 Rgd4 70. Rh7+ Kg5 71. Rhf7 Rd1 72. Rce7 Rb1+ 73. Kc4 Rc1+ 74. Kb3 Rb8+ 75. Ka2 Rc2+ 76. Ka1 Rc5 {[%cal Rc5a5]} 77. Ra7 Rbb5 78. Rad7 Rb4 {[%cal Rc5a5]} 79. Ra7 h4 80. Ra3 Rc1+ 81. Ka2 Rf4 (81... Rc2+ $142 82. Ka1 Kg4) 82. Ra5+ Rf5 83. Raxf5+ gxf5 {KR-KR. Black mates.} 84. Rg7+ Kf4 85. Kb2 Rh1 86. Kc2 h3 87. Rh7 Kg3 88. Rg7+ Kf3 89. Rh7 f4 90. Rd7 h2 91. Rd3+ Kg4 92. Rd2 {[#]} Rc1+ $3 {[%mdl 576] Decoy, Clearance, Promotion} 93. Kxc1 h1=Q+ 94. Kc2 Qc6+ 95. Kb2 f3 {Weighted Error Value: White=0.28/Black=0.11} 0-1

[Event "Charlotte Holiday GM 2020"]
[Site "Charlotte"]
[Date "2020.12.27"]
[Round "2.5"]
[White "Gauri, Shankar"]
[Black "Dragun, Kamil"]
[Result "1-0"]
[WhiteElo "2356"]
[BlackElo "2565"]
[Annotator "TA"]
[PlyCount "57"]
[EventDate "2020.12.26"]
[EventType "tourn"]
[EventCountry "USA"]
[SourceTitle "playchess.com"]
[Source "ChessBase"]
[SourceQuality "1"]

{[%evp 12,57,6,-2,21,21,37,35,47,39,39,52,79,74,108,102,95,99,152,125,121,76,86,88,82,28,90,83,117,94,195,120,365,254,270,244,330,338,456,416,693,716,1004,1002,1053,960,929,923]} 1. Nf3 d5 2. c4 e6 3. cxd5 exd5 4. d4 Nf6 5. Nc3 c6 6. Bg5 h6 7. Bh4 g5 {D35: Queen's Gambit Declined: Exchange Variation.} 8. Bg3 Bf5 9. e3 {[#]} Ne4 $146 {White is slightly better.} ({Predecessor:} 9... Qb6 10. Qc1 Nbd7 11. Be2 Nh5 12. Be5 f6 13. Nh4 Ng7 14. Nxf5 fxe5 15. Nxg7+ Bxg7 {1-0 (40) Abreu Delgado,A (2457)-Graif,W (2156) New York 2018}) 10. Bd3 Nxg3 11. hxg3 Be6 12. Qb3 b5 13. Ne5 Bg7 {...Bxe5 is the strong threat.} 14. Qc2 Qb6 ({Black should play} 14... Bxe5 15. dxe5 Nd7) 15. f4 Nd7 16. O-O Nxe5 17. fxe5 O-O 18. Kh2 (18. a4 $16) 18... c5 (18... f6 $11) 19. Qd1 $16 ({Reject} 19. Nxb5 $6 Rac8 $11) 19... c4 {[#]} 20. Bc2 Rfd8 {[#]} (20... g4 $16 {was called for.}) 21. Qh5 (21. Bb1 $1 $18) 21... Kf8 $2 {This move loses the game for Black.} (21... Rac8 $16) 22. Bg6 {[%cal Rg6f7]} Rd7 23. Rf2 Kg8 24. Bc2 a6 25. Raf1 Kf8 (25... a5 $142 26. Rf6 Ra6 27. Rxh6 Bxh6) 26. e4 $18 {White is clearly winning.} Raa7 27. exd5 Rxd5 28. Nxd5 Bxd5 29. Bg6 {Weighted Error Value: White=0.20/Black=0.56} 1-0

[Event "Charlotte Holiday GM 2020"]
[Site "Charlotte"]
[Date "2020.12.28"]
[Round "3.1"]
[White "Daggupati, Balaji"]
[Black "Stremavicius, Titas"]
[Result "1/2-1/2"]
[WhiteElo "2399"]
[BlackElo "2485"]
[Annotator "TA"]
[PlyCount "51"]
[EventDate "2020.12.26"]
[EventType "tourn"]
[EventCountry "USA"]
[SourceTitle "playchess.com"]
[Source "ChessBase"]
[SourceQuality "1"]

{[%evp 9,51,1,6,-13,26,-8,16,0,19,0,0,0,10,7,31,24,17,20,18,11,21,1,18,0,11,0,62,31,34,-22,27,-8,-16,0,-6,-29,20,20,40,2,2,6,4,2]} 1. e4 c6 2. d4 d5 3. e5 c5 4. dxc5 e6 5. a3 Bxc5 6. b4 {B12: Caro-Kann: Advance Variation.} (6. Nf3 {seems wilder.} Ne7 7. b4 Bb6 8. Bb2 O-O 9. Bd3) 6... Bb6 7. Nf3 Ne7 8. Bd3 a5 9. b5 a4 10. O-O Nd7 11. c4 Nc5 12. Nc3 {[#]} dxc4 $146 ({Predecessor:} 12... Bd7 13. Bg5 dxc4 14. Bxc4 h6 15. Bh4 g5 16. Bg3 Nf5 17. Qd2 Rc8 18. Rac1 Ba5 {1-0 (32) Decoster,F (2294)-Vanstreels,L (2117) Belgium 2020}) 13. Bxc4 Qxd1 14. Rxd1 Ba5 15. Bd2 b6 16. Rac1 Bb7 17. Be3 Bxc3 ({Black should play} 17... Nb3 $11) 18. Rxc3 (18. Bxc5 $5 Bb2 19. Rb1 (19. Bxb6 Bxc1 20. Rxc1 Bxf3 $17) 19... bxc5 20. Rxb2 $14) 18... Rc8 19. Ba2 ({White should try} 19. Ne1 $14) 19... Bd5 (19... Nf5 {looks sharper.} 20. Bxc5 Bxf3 21. Rxf3 Rxc5 22. Rf4 Rxb5 23. Rxa4 O-O) 20. Bxc5 Rxc5 21. Rxc5 bxc5 22. Bxd5 Nxd5 $11 {KRN-KRN} 23. Rc1 Kd7 24. Rxc5 Rc8 25. Rxc8 Kxc8 26. Nd2 {Weighted Error Value: White=0.21/Black=0.14} 1/2-1/2

[Event "Charlotte Holiday GM 2020"]
[Site "Charlotte"]
[Date "2020.12.28"]
[Round "3.2"]
[White "Sheng, Joshua"]
[Black "Gauri, Shankar"]
[Result "1-0"]
[WhiteElo "2474"]
[BlackElo "2356"]
[Annotator "TA"]
[PlyCount "75"]
[EventDate "2020.12.26"]
[EventType "tourn"]
[EventCountry "USA"]
[SourceTitle "playchess.com"]
[Source "ChessBase"]
[SourceQuality "1"]

{[%evp 12,75,20,0,0,0,-5,-5,0,-10,-2,-9,-4,-11,23,27,24,17,33,25,35,33,33,30,20,31,48,37,30,25,46,25,31,22,9,11,30,-2,46,38,83,78,169,166,174,166,170,167,202,206,277,206,399,377,384,381,454,435,564,555,605,595,980,966,4962,4810]} 1. c4 c5 2. Nf3 Nc6 3. Nc3 e5 4. g3 g6 5. Bg2 Bg7 6. d3 Nge7 7. Nd2 d6 {A37: Symmetrical English vs ...g6: 4 Bg2 Bg7 5 Nf3.} 8. Nf1 Rb8 9. Ne3 a6 {The position is equal.} 10. Ned5 Nxd5 11. Nxd5 O-O 12. O-O Ne7 13. Bg5 f6 14. Bd2 {[#]} Be6 $146 ({Predecessor:} 14... Nxd5 15. Bxd5+ Kh8 16. a3 f5 17. b4 b6 18. Rb1 Qc7 19. e3 Bb7 20. Qf3 Rfe8 21. Bxb7 Rxb7 {1-0 (41) Kosten,A (2458)-Varnam,L (2107) Torquay 2013}) 15. b4 b5 16. Rb1 Qd7 17. a4 cxb4 18. Bxb4 Bxd5 (18... bxa4 $6 19. Nxe7+ Qxe7 20. Qxa4 $16) 19. cxd5 bxa4 20. Ba3 Rfc8 21. Rxb8 Rxb8 22. Qc2 Rb3 23. Ra1 h5 24. Qc4 f5 (24... e4 $5) 25. e4 fxe4 26. dxe4 Rb6 (26... Bf8 $16) 27. Bc1 $18 a5 28. Bd2 ({Inferior is} 28. Rxa4 Rb1 $15) (28. Qxa4 Qxa4 29. Rxa4 Rb1 $11) 28... Rb2 29. Bc3 Rb3 30. Bxa5 Bh6 31. Bf1 ({Much less strong is} 31. Rxa4 $6 Rb1+ 32. Bf1 Rc1 $18) 31... h4 $2 {[#]} (31... Kh7 32. Qxa4 Qxa4 33. Rxa4 Ng8) 32. Qxa4 Qxa4 33. Rxa4 Bf8 34. Bc7 {White is clearly winning.} hxg3 35. hxg3 Rb7 36. Bxd6 Nxd5 37. Ra8 ({Less strong is} 37. exd5 Bxd6 38. Ra6 Rd7 $16) 37... Ne7 38. Bc4+ {Weighted Error Value: White=0.06/Black=0.32} 1-0

[Event "Charlotte Holiday GM 2020"]
[Site "Charlotte"]
[Date "2020.12.28"]
[Round "3.3"]
[White "Plotkin, Mark"]
[Black "Mishra, Abhimanyu"]
[Result "1/2-1/2"]
[WhiteElo "2435"]
[BlackElo "2338"]
[Annotator "TA"]
[PlyCount "173"]
[EventDate "2020.12.26"]
[EventType "tourn"]
[EventCountry "USA"]
[SourceTitle "playchess.com"]
[Source "ChessBase"]
[SourceQuality "1"]

{[%evp 20,172,12,15,11,-17,0,-10,-8,-13,-12,-22,-22,-25,-27,-30,-29,-44,-42,-49,-22,-35,-29,-35,-6,-6,-6,-6,-14,-8,-6,-6,-9,-11,0,-37,-31,-37,-26,-31,-22,-64,-62,-110,-124,-118,-112,-142,-106,-179,-93,-110,-97,-63,-72,-63,-86,-64,-71,-69,-67,-91,-35,-57,-35,-35,-35,-345,-315,-341,-322,-269,-168,-457,-425,-439,-429,-361,-87,-77,0,0,0,-8,0,0,0,0,0,0,0,0,0,0,0,0,8,8,8,0,8,8,8,8,8,8,8,8,8,8,8,8,8,8,8,8,8,8,8,8,8,8,8,8,8,8,8,8,8,0,0,0,0,0,0,0,0,0,0,0,0,0,0,0,0,0,0,0,0,0,0,0,0,0,0]} 1. e4 e6 2. d4 d5 3. Nd2 c5 4. exd5 Qxd5 5. Ngf3 cxd4 6. Bc4 Qd6 7. O-O Nf6 8. Nb3 Nc6 9. Nbxd4 Nxd4 10. Qxd4 Qxd4 11. Nxd4 Bc5 {C07: French Tarrasch: 3...c5, 4 Ngf3 and 4 exd5 Qxd5.} 12. Nf3 O-O {[#]} 13. Bg5 $146 ({Predecessor:} 13. Bf4 b6 14. Rad1 Bb7 15. Ne5 Rfd8 16. c3 Rac8 17. Bb3 Nd5 18. Bc1 b5 19. a4 {½-½ (40) Zozulia,A (2314)-Aakanksha,H (2297) Mumbai 2018}) 13... b6 14. Rad1 Bb7 15. Bxf6 gxf6 16. c3 Rfd8 17. Be2 Bd5 18. a3 Bb3 19. Rd2 Kf8 20. Bd1 Bc4 21. Re1 b5 22. Be2 Rxd2 23. Nxd2 Bxe2 24. Rxe2 $11 {[%mdl 4096] Endgame KRB-KRN} Rd8 25. Kf1 Ke7 26. Ke1 a6 27. f3 f5 28. Nb3 Bb6 29. Rd2 Rg8 30. g3 f4 31. g4 h5 32. h3 f5 {[%cal Rh5g4]} 33. gxf5 Be3 {...Rg1+ is the strong threat.} 34. Rh2 (34. Rd1 $17 {keeps fighting.}) 34... Rg1+ ({Resist} 34... exf5 35. Nd2 $17) (34... e5 $19 35. Nd2 Bxd2+ 36. Rxd2 Rg3) 35. Ke2 $17 e5 {[%mdl 1024] Black has strong compensation.} 36. Kd3 Kf6 37. Ke4 Re1 {Hoping for ...Bg1+.} 38. Rg2 Bf2+ 39. Kd5 Bg3 40. a4 Kxf5 (40... bxa4 $17 41. Nd2 Kxf5) 41. axb5 $15 axb5 42. Nd2 $1 Re3 43. Kc6 $2 {[%mdl 8192] [#]} ({White must play} 43. c4 $1 $15 bxc4 44. Kxc4) 43... Kg5 $1 $19 ({Less strong is} 43... Be1 44. Ne4 $15) 44. Kxb5 Kh4 45. Rg1 Re2 46. Rd1 (46. Ne4 Rxb2+ 47. Kc5) 46... Kxh3 47. c4 {next c5 is good for White.} Be1 48. Ne4 Rxb2+ $2 (48... Kg2 $19 {and Black stays clearly on top.} 49. Ng5 Bh4) 49. Kc6 $17 {[#]} Bg3 (49... Re2 $1 $17 {Threatens to win with ...Kg2.} 50. c5 Kg2) 50. Kd5 $11 {The position is equal.} Kg2 {aiming for ...h4.} 51. c5 h4 52. c6 Rb8 {Strongly threatening ...h3.} 53. Nd6 ({Much weaker is} 53. Kxe5 Kxf3 54. c7 Rc8 $17) 53... h3 54. c7 Rf8 55. Ke4 h2 56. c8=Q Rxc8 57. Nxc8 h1=Q (57... Bf2 {is more complex.} 58. Ne7 Bc5 59. Rd2+ Bf2 60. Rd1) 58. Rxh1 Kxh1 {KB-KN} 59. Ne7 Bh4 60. Ng6 Bg5 61. Nxe5 Kg2 62. Kf5 Be7 63. Kg4 Kf2 64. Nd3+ Ke3 65. Nxf4 Bd6 66. Nh5 Kd4 67. Ng7 {Threatening mate with Nf5+.} Bb8 68. Nf5+ Kd5 69. Kg5 Ke6 70. Nh6 Bc7 71. Ng4 Bb8 72. Nf2 Bc7 73. Nd3 Bd6 74. Nf4+ (74. f4 {with more complications.} Kf7 75. Kf5 Ke8 76. Nf2 Kd7 77. Ne4) 74... Bxf4+ 75. Kxf4 {White threatens Kg5 and mate. KP-K} Kf6 76. Ke4 $1 {[%cal Re4f4]} Ke6 77. f4 (77. Kd4 {looks sharper.} Kf5 78. Kc3 Kf4 79. Kc2 Kxf3 80. Kc3) 77... Kf6 78. f5 (78. Ke3 {seems wilder.} Kf7 79. Kd4 Ke6 80. Kd3 Ke7 81. Ke2) 78... Kf7 79. Ke5 Ke7 80. Kf4 (80. f6+ {keeps more tension.} Kf7 81. Kf5 Kf8 82. Kf4 Kf7 83. Kg5) 80... Kf6 81. Kg4 (81. Ke4 {feels hotter.}) 81... Kf7 82. Kg5 $1 Kg7 83. f6+ Kf7 84. Kf5 Kf8 85. Ke6 {f7 would kill now.} Ke8 86. f7+ Kf8 87. Kf6 {White happily takes the draw.  Weighted Error Value: White=0.24/Black=0.16} 1/2-1/2

[Event "Charlotte Holiday GM 2020"]
[Site "Charlotte"]
[Date "2020.12.28"]
[Round "3.4"]
[White "Belous, Vladimir"]
[Black "Stearman, Josiah"]
[Result "1-0"]
[WhiteElo "2524"]
[BlackElo "2391"]
[Annotator "TA"]
[PlyCount "85"]
[EventDate "2020.12.26"]
[EventType "tourn"]
[EventCountry "USA"]
[SourceTitle "playchess.com"]
[Source "ChessBase"]
[SourceQuality "1"]

{[%evp 15,85,12,27,21,23,13,40,32,47,32,37,43,35,29,35,30,27,32,27,18,15,14,54,55,63,0,0,0,0,0,0,0,0,0,0,0,14,0,0,0,0,-8,69,73,72,81,89,85,141,135,140,138,134,129,133,142,142,150,185,174,185,185,185,177,254,250,396,367,924,868,1043,1022]} 1. Nf3 Nf6 2. c4 e6 3. g3 d5 4. Bg2 c6 5. O-O b6 6. b3 Nbd7 7. Bb2 Be7 8. Nc3 O-O 9. e3 {A14: English Opening: 1...e6 with b3 by White.} Bb7 10. Qe2 Re8 11. d4 {White is slightly better.} c5 {[#]} 12. cxd5 $146 ({Predecessor:} 12. Ne5 Qc8 13. f4 Ne4 14. Nxe4 dxe4 15. Rad1 Rd8 16. Bh3 g6 17. d5 Nf8 18. Ng4 f6 19. Nxf6+ Kf7 20. f5 {1-0 (20) Sequeira,J (2245)-Espirito Santo,L Mangualde 1982}) 12... Nxd5 13. Nxd5 Bxd5 14. e4 Bb7 15. Rfd1 {Strongly threatening dxc5.} Qc7 16. Rac1 Rac8 17. dxc5 bxc5 18. Nd2 Nb6 19. Qg4 {[%csl Gb2][%cal Rg4g7]} Bf8 20. e5 (20. Bf1 $14) 20... Bxg2 $11 21. Kxg2 Red8 22. Ne4 Rxd1 23. Rxd1 c4 24. Rc1 Qb7 25. Qf3 $36 {[%mdl 2048] Black must now prevent Nf6+! White has the initiative.} Nd5 26. Rxc4 Rxc4 27. bxc4 {And now Bc3 would win.} Qxb2 {[%mdl 64] Double Attack} 28. Ng5 {[#]} Qb7 29. cxd5 $14 Qxd5 30. Qxd5 exd5 {[%mdl 4096] Endgame KB-KN} 31. Nh3 $1 Bb4 (31... g6 $142) 32. Nf4 $16 Bc3 33. Nxd5 Bxe5 {[#]} 34. Ne7+ $1 Kf8 35. Nc6 Bc3 36. Nxa7 Ke7 {[#]} 37. Kf3 $1 Kd7 38. Ke4 Be1 39. f3 g6 (39... Ke6 $142 40. Nb5 Bf2 41. Nd4+ Kd7) 40. Kd5 $18 h5 (40... Bf2 {might work better.}) 41. Nc6 g5 $2 (41... f6 42. Nb8+ Kc8) 42. g4 h4 43. h3 {Weighted Error Value: White=0.04/Black=0.23} 1-0

[Event "Charlotte Holiday GM 2020"]
[Site "Charlotte"]
[Date "2020.12.28"]
[Round "3.5"]
[White "Dragun, Kamil"]
[Black "Yip, Carissa"]
[Result "1/2-1/2"]
[WhiteElo "2565"]
[BlackElo "2421"]
[Annotator "TA"]
[PlyCount "61"]
[EventDate "2020.12.26"]
[EventType "tourn"]
[EventCountry "USA"]
[SourceTitle "playchess.com"]
[Source "ChessBase"]
[SourceQuality "1"]

{[%evp 9,61,-9,-9,-9,-14,-8,16,3,12,0,0,0,0,-5,0,0,14,0,0,1,0,0,7,0,46,46,46,46,46,44,58,42,46,46,46,46,61,61,68,59,75,83,118,118,126,126,126,126,126,126,126,126,126,126]} 1. d4 Nf6 2. Nc3 d5 3. Bf4 e6 4. e3 Bd6 5. Nf3 O-O 6. Bd3 {D00: 1 d4 d5: Unusual lines.} Bxf4 7. exf4 Nc6 8. a3 {[#] The position is equal.} a5 $146 ({Predecessor:} 8... a6 9. Qd2 b5 10. O-O Qd6 11. Rfe1 Nh5 12. Ne5 g6 13. Bxb5 axb5 14. Nxb5 Qe7 15. Nxc6 {1-0 (42) Secrieru,I (2007)-Glavan,P ICCF email 2009}) 9. h4 b6 10. h5 Ne7 11. Ne5 c5 12. g4 Nd7 (12... Ne8 {with more complications.} 13. g5 f6 14. gxf6 Nxf6 15. Rg1 c4) 13. Bb5 Qc7 14. Bxd7 Bxd7 15. h6 {[#] Hoping for hxg7.} g6 16. Qd2 c4 17. g5 b5 18. Ne2 Nf5 19. Ng4 Bc6 20. Nf6+ Kh8 21. Ng3 Ne7 22. Qe3 Bb7 23. O-O Ra7 24. Rfe1 Bc8 25. c3 {White is better.} a4 26. Qe5 Qxe5 27. fxe5 Rc7 28. Re3 Ra7 29. Rf3 Nc6 30. Rf4 Rc7 31. Re1 {Weighted Error Value: White=0.03/Black=0.07} 1/2-1/2

[Event "Charlotte Holiday GM 2020"]
[Site "Charlotte"]
[Date "2020.12.28"]
[Round "4.1"]
[White "Stremavicius, Titas"]
[Black "Plotkin, Mark"]
[Result "1/2-1/2"]
[WhiteElo "2485"]
[BlackElo "2435"]
[Annotator "TA"]
[PlyCount "97"]
[EventDate "2020.12.26"]
[EventType "tourn"]
[EventCountry "USA"]
[SourceTitle "playchess.com"]
[Source "ChessBase"]
[SourceQuality "1"]

{[%evp 9,97,31,31,25,31,8,60,-16,16,-14,0,-14,-14,-12,0,-37,0,-19,7,0,22,24,45,0,0,0,49,48,49,52,42,45,48,36,115,82,98,91,105,97,103,74,73,-52,-53,-58,-56,-127,-121,-119,-116,-129,-141,-148,-148,-162,-151,-156,-104,-104,-104,-106,-106,-99,-51,-51,-43,-43,-43,-43,-43,-51,-51,-81,-78,-81,-81,-155,0,0,0,0,0,0,0,0,0,0,0,0]} 1. Nf3 g6 2. d4 Bg7 3. e4 c6 4. c3 d5 5. exd5 cxd5 6. Bf4 {B06: Modern Defence.} Nh6 {[#]} 7. h4 $146 ({Predecessor:} 7. Nbd2 O-O 8. Be2 Nc6 9. O-O f6 10. Re1 Nf7 11. Nf1 e5 12. dxe5 fxe5 13. Bc1 {0-1 (55) Gempe,A (2105)-Olbrich,M (2285) Braunfels 1996}) 7... f6 (7... O-O $11) 8. Nbd2 (8. c4 $14) 8... Nf7 9. Qc2 e5 10. dxe5 fxe5 11. Be3 O-O 12. Nb3 (12. h5 $5 {[%cal Rh5g6]} e4 13. hxg6 hxg6 14. O-O-O $11) 12... Nc6 13. Rd1 e4 14. Ng5 Nfe5 15. Nc5 {Threatens to win with Nce6.} Ng4 16. Nce6 (16. Qb3 {keeps more tension.} Ne7 17. Nce6 Bxe6 18. Nxe6 Qd6 19. Nxf8 Rxf8 20. Be2) 16... Bxe6 17. Nxe6 Qd6 18. Nxf8 Nxe3 19. fxe3 Rxf8 20. Qb3 Ne7 {[%cal Bc6e7,Be7f5,Bf5e3][%mdl 32]} 21. Rh3 Qf6 (21... h5 $14) 22. Kd2 $16 Qf2+ 23. Kc1 Kh8 24. h5 ({Reject} 24. Qxb7 $6 Nf5 $14) 24... gxh5 25. Kb1 ({Don't blunder} 25. Rxh5 $2 Qxe3+ 26. Kb1 Rxf1 $1 $19 {[%mdl 512]}) ({But not} 25. Qxb7 $6 Nf5 $11) 25... Nf5 26. Qc2 (26. Qxd5 $16 Nxe3 27. Rxe3 Qxe3 28. Bc4) 26... Qxc2+ $15 27. Kxc2 Bh6 $36 {[%mdl 2048] Black has good play.} 28. Kd2 {[#]} (28. Rxd5 $15 Nxe3+ 29. Rxe3 Bxe3 30. Bc4) 28... Nxe3 $1 $17 29. Rxe3 {aiming for Ke2.} Rf2+ 30. Be2 {Rh1 is the strong threat.} Rxg2 31. Rh1 Rg3 $1 {[%mdl 64] Pin} 32. Rxh5 Bxe3+ {[%mdl 4096] Endgame KRB-KRB} 33. Ke1 {[#]} Rg5 (33... Rg1+ $142 $1 34. Bf1 d4 35. cxd4 Bxd4) 34. Rxg5 Bxg5 {KB-KB} 35. Bg4 Bf6 36. Bc8 d4 37. Bxb7 e3 38. cxd4 Bxd4 39. b4 Kg7 40. a4 Kf6 41. b5 Kg5 42. a5 Kf4 43. b6 ({White should try} 43. Ke2) 43... Bxb6 $2 ({Better is} 43... axb6 $17 44. axb6 h5) 44. axb6 $11 {The position is equal.} axb6 $17 {KB-K3P} 45. Bc6 h5 46. Ke2 h4 {And now ...h3 would win.} 47. Bd7 Ke4 48. Bc6+ Kd4 {White must now prevent ...h3.} (48... Kf4 $5 49. Bd7 $8 h3 50. Bxh3 Kg5 $11) 49. Bd7 $1 {White happily takes the draw.  Weighted Error Value: White=0.15/Black=0.16} 1/2-1/2

[Event "Charlotte Holiday GM 2020"]
[Site "Charlotte"]
[Date "2020.12.28"]
[Round "4.2"]
[White "Stearman, Josiah"]
[Black "Dragun, Kamil"]
[Result "0-1"]
[WhiteElo "2391"]
[BlackElo "2565"]
[Annotator "TA"]
[PlyCount "82"]
[EventDate "2020.12.26"]
[EventType "tourn"]
[EventCountry "USA"]
[SourceTitle "playchess.com"]
[Source "ChessBase"]
[SourceQuality "1"]

{[%evp 19,82,24,12,0,7,-8,-4,-31,-28,-36,-27,-27,-18,-18,-20,-37,-33,-31,-13,-13,-22,-25,-21,-19,-8,-30,0,0,0,0,0,-6,0,0,0,-17,-14,-121,0,0,0,0,0,0,0,0,0,0,0,0,0,0,0,0,-8,-356,-356,-2195,-2460,-1364,-1302,-29993,-29994,-29994,-5197]} 1. d4 Nf6 2. c4 e6 3. Nc3 Bb4 4. e3 O-O 5. Bd3 c5 6. Nf3 cxd4 7. exd4 d5 8. cxd5 Nxd5 9. Qc2 h6 10. O-O Nc6 {[%cal Bb8c6,Bc6e7,Be7f5][%mdl 32]} 11. Be3 {B14: Caro-Kann: Panov-Botvinnik Attack with 5...e6 and 5...g6.} Bd6 {[#]} 12. Qb3 $146 ({Predecessor:} 12. a3 Nce7 13. Ne4 Bf4 14. Qd2 Nxe3 15. fxe3 Bc7 16. Bc2 Bd7 17. Qd3 Ng6 18. h4 f5 {1-0 (42) Lyell,M (2132)-Kantorik,M (2390) Teplice 2010}) 12... Nce7 13. Rac1 {The position is equal.} b6 14. Ne4 Bf4 15. Rfe1 Bb7 16. Bb1 Nf5 17. Nc5 bxc5 (17... Nfxe3 $2 18. Nxb7 Qe7 19. fxe3 $18) 18. Bxf4 Nxf4 19. Qxb7 {aiming for Qe4.} Nxd4 20. Qe4 {[%csl Gb1][%cal Re4h7]} Nxf3+ 21. Qxf3 Qd6 22. Rc4 e5 (22... Nd5 {keeps more tension.} 23. Qd3 g6 24. Rec1 Rab8 25. b3 Rb5) 23. Rd1 Qe7 24. Re1 {Strongly threatening Qxf4!} Qd6 25. Rd1 Qb6 (25... Qa6 {is more complex.} 26. Rxc5 Rfd8 27. h4 Rxd1+ 28. Qxd1 Qb7) 26. Qe4 {[%csl Gb1][%cal Re4h7]} Ng6 27. h4 {h5 is the strong threat.} Rad8 ({But not} 27... Qxb2 $2 28. h5 $18) 28. Rcc1 (28. Bc2 $11) 28... f5 (28... Qxb2 $17 29. Re1 f5 30. Qc4+ Kh7 31. Qxc5 e4 32. Qxa7 Nxh4) 29. Qc4+ $11 Kh8 30. Rxd8 Qxd8 31. g3 $1 e4 $36 {[%mdl 2048] Black has the initiative.} 32. Qxc5 Qf6 33. Rd1 Qxb2 34. h5 Qe2 35. Rd5 Qxh5 {And now ...Qg4 would win.} (35... Rb8 $5 36. Bc2 $8 f4 $1 $11) 36. Bxe4 Re8 37. Qc2 {[%mdl 8192] This costs White the game.} Ne5 $19 {Hoping for ...Nf3+.} ({Don't go for} 37... Rxe4 $2 {[#]} 38. Qxe4 $3 {[%mdl 512]} fxe4 39. Rxh5 $18) 38. f4 $2 (38. Kg2) 38... Nf3+ 39. Bxf3 Qxf3 {[%mdl 64] Double Attack} 40. Qg2 Re1+ 41. Kh2 Re2 {Weighted Error Value: White=0.69/Black=0.06} (41... Qh5+ $142 42. Qh3 Re2+ {[%mdl 64] Double Attack} 43. Kg1 Qxh3 44. Rd8+ Kh7 45. Rh8+ Kxh8 46. a4 Qg2#) 0-1